ახალგაზრდები : (ბიბ.ჩანაწერი № 39852)
[ მარტივი ფორმატი ]
| 000 -ლიდერი | |
|---|---|
| ფიქსირებული სიგრძის საკონტროლო ველი | 00834nam a2200217Ia 4500 |
| 001 - საკონტროლო ნომერი | |
| საკონტროლო ველი | 6457 |
| 003 - საკონტროლო ნომრის იდენტიფიკატორი | |
| საკონტროლო ველი | GE_BSU |
| 005 - ბოლო ოპერაციის თარიღი და დრო | |
| საკონტროლო ველი | 20191004154113.0 |
| 008 - ფიქსირებული სიგრძის მონაცემთა ელემენტები - ზოგადი ინფორმაცია | |
| ფიქსირებული სიგრძის საკონტროლო ველი | 181216s1952||||ge |||||||||||||| ||geo|| |
| 040 ## - კატალოგიზაციის წყარო | |
| Transcribing agency | GE_BSU |
| 041 ## - ენის კოდი | |
| Language code of text/sound track or separate title | geo |
| 080 ## - უნივერსალური ათობითი კლასიფიკაციის ინდექსი | |
| Universal Decimal Classification number | 821.353.1-311.6 ბ-45 |
| 100 ## - მთავარი ჩანაწერი - პიროვნების სახელი | |
| Personal name | ბელიაშვილი, აკაკი |
| 9 (RLIN) | 4491 |
| 245 ## - ცნობა სათაურის შესახებ | |
| Title | ახალგაზრდები : |
| Remainder of title | მოთხრობა / |
| Statement of responsibility, etc | აკაკი ბელიაშვილი ; რედ. დ. შენგელაია. |
| 264 ## - წარმოების, გამოცემის, დისტრიბუციის და სხვა ცნობები | |
| გამოცემის, წარმოების, დისტრიბუციის... ადგილი | თბილისი : |
| გამოცემის, წარმოების, დისტრიბუციის... სახელწოდება | საბლიტგამი ; |
| გამოცემის, წარმოების, დისტრიბუციის... თარიღი | 1952. |
| 300 ## - ფიზიკური აღწერა | |
| Extent | 192 გვ. ; |
| Dimensions | 17 სმ. |
| 653 ## - INDEX TERM--UNCONTROLLED | |
| Uncontrolled term | ახალგაზრდები |
| 653 ## - INDEX TERM--UNCONTROLLED | |
| Uncontrolled term | მოთხრობა |
| 700 ## - ADDED ENTRY--PERSONAL NAME | |
| Personal name | შენგელაია, დ. |
| Relator term | რედაქტორი |
| 9 (RLIN) | 4533 |
| 942 ## - ADDED ENTRY ELEMENTS (KOHA) | |
| Koha item type | წიგნი |
| Source of classification or shelving scheme | |
| ჩამოწერის სტატუსი | დაკარგული ეგზემპლარის სტატუსი | კლასიფიკაციის წყარო ან თაროზე გაწყობის სქემა | დაზიანების სტატუსი | არ გაიცემა | მუდმივი მდებარეობა (დაცვის ადგილი) | ამჟამინდელი ადგილსამყოფელი | თაროზე განთავსების ადგილი | შეძენის თარიღი | ღირებულება, შესყიდვის ნორმალური ფასი | სრული შენახვის შიფრი | შტრიხკოდი | ბოლო ოპერაციის თარიღი | ეგზემპლარის მიმდევრობითი ნომერი (კეტერი?) | ფასის ძალაში შესვლის თარიღი | ეგზემპლარის სახეობა | საჯარო შენიშვნა |
|---|---|---|---|---|---|---|---|---|---|---|---|---|---|---|---|---|
| ბათუმის შოთა რუსთაველის სახელმწიფო უნივერსიტეტის მთავარი ბიბლიოთეკა | ბათუმის შოთა რუსთაველის სახელმწიფო უნივერსიტეტის მთავარი ბიბლიოთეკა | წიგნსაცავი | 2018-12-17 | 6.60 | 821.353.1-311.6 ბ-45 | 14002 | 2018-12-17 | 14002 | 2018-12-17 | წიგნი | 6.60 ლ. | |||||
| ბათუმის შოთა რუსთაველის სახელმწიფო უნივერსიტეტის მთავარი ბიბლიოთეკა | ბათუმის შოთა რუსთაველის სახელმწიფო უნივერსიტეტის მთავარი ბიბლიოთეკა | წიგნსაცავი | 2018-12-17 | 6.60 | 821.353.1-311.6 ბ-45 | 14003 | 2018-12-17 | 14003 | 2018-12-17 | წიგნი | 6.60 ლ. | |||||
| ბათუმის შოთა რუსთაველის სახელმწიფო უნივერსიტეტის მთავარი ბიბლიოთეკა | ბათუმის შოთა რუსთაველის სახელმწიფო უნივერსიტეტის მთავარი ბიბლიოთეკა | წიგნსაცავი | 2018-12-17 | 6.60 | 821.353.1-311.6 ბ-45 | 14004 | 2018-12-17 | 14004 | 2018-12-17 | წიგნი | 6.60 ლ. | |||||
| ბათუმის შოთა რუსთაველის სახელმწიფო უნივერსიტეტის მთავარი ბიბლიოთეკა | ბათუმის შოთა რუსთაველის სახელმწიფო უნივერსიტეტის მთავარი ბიბლიოთეკა | წიგნსაცავი | 2018-12-17 | 6.60 | 821.353.1-311.6 ბ-45 | 14005 | 2018-12-17 | 14005 | 2018-12-17 | წიგნი | 6.60 ლ. | |||||
| ბათუმის შოთა რუსთაველის სახელმწიფო უნივერსიტეტის მთავარი ბიბლიოთეკა | ბათუმის შოთა რუსთაველის სახელმწიფო უნივერსიტეტის მთავარი ბიბლიოთეკა | წიგნსაცავი | 2018-12-17 | 6.60 | 821.353.1-311.6 ბ-45 | 14006 | 2018-12-17 | 14006 | 2018-12-17 | წიგნი | 6.60 ლ. |
